000 01479nam a22002777a 4500
001 8088
003 FISKH
005 20260422142639.0
008 250822b cb ||||| |||| 00| 0 eng d
040 _aFISKH
_bkhr
_cFISKH
_dFISKH
050 _aPZ7
082 _aJ823
100 _aMinistry of Education , Youth and Sports
245 _aសំណាងល្អ និងសំណាងអាក្រក់​ /
_cក្រសួងអប់រំយុវជន និងកីឡា​
260 _aភ្នំពេញ :
300 _a16 pages :
_bcolor illustrations ;
_c25 cm .
505 _aJ
520 _aផល សុខ ពេញ និងរី គឺជាមិត្តនឺងគ្នា ។​ ថ្ងៃមួយរី​បានដើរដួលគេគិតថាវាជាសំណាងអាក្រក់ ។​ តែក្រោយមកគេបានជួបនឺងសំណាងល្អ ដោយសារគេរើសបានចិញ្ចៀនមាស ។​ translate into English
520 _aPhal, Sok, Pinh, and Ri were friends.One day, Ri tripped and fell, and everyone thought it was a bad omen.But later, they encountered good luck because they found a gold ring.
521 8 _a500
_bLexile estiamate
521 8 _aJ
_bRaz-Plus
650 _aសំណាងល្អ និងសំណាងអាក្រក់
650 _aGood and bad luck
942 _2ddc
_cKHB
_n0
999 _c8088
_d8088